1337 1740 1403 1206 1172 1205 1334 1326 1274 1531 1182 1224 1582 1262 1871 1069 1856 1606 1147 1182 1534 1230 1819 1643 1274 1445 1966 1754 1385 1910 1070 1464 1789 1184 1883 1256 1755 1283 1042 1665 1099 1772 1780 1613 1542 1420 1502 1538 1955 1227 1088 1252 1969 1416 1462 1327 1192 1628 1625 1136 1763 1779 1440 1557 1038 1231 1266 1971 1020 1246 1468 1044 1672 1631 1913 1463 1323 1941 1558 1158 1280 1724 1873 1783 1080 1375 1602 1208 1092 1570 1606 1679 1274 1693 1116 1427 1239 1945 1845 BCNSPRNW ULIB Ver.6.0+V

เปลี่ยนเป็นภาษาไทย

Change to English
 แสดงรายละเอียดบรรณานุกรม
  กลับหน้าหลัก

Brief Record : Get Marc (ISO 2709) : E-mail record : QR code < ปิดหน้าต่าง
LEADER : 00000nam 2200000uu 4500
001    13399121706
003     ULIB
008    020711s2552 th a 000 0 tha d
020    9786167123134
099    นว.^bค472ฝ
100    คีตาวาที
245    ฝั่งฝันปลายทางที่หัวใจ
260    กรุงเทพฯ :^bกรีนมายด์,^c2552
300    400 หน้า
945    ^p259^l0^i026757
999    ^aวรรณษา ชูชัยมงคล
รายการนี้ยังไม่มีแท็ก
คุณยังไม่ได้ล็อกอิน คุณสามารถมีกิจกรรมร่วมกับเว็บไซต์ได้ แต่ต้องล็อกอินก่อน ::
  ล็อกอิน

รายการสื่อสารสนเทศ

ลำดับที่ ประเภท เลขเรียก/บาร์โค้ด สถานที่ สถานะ
1. นวนิยาย
นวนิยาย
นว. ค472ฝ  
  Barcode: 026757
ห้องสมุดวิทยาเขตสวรรค์ประชารักษ์
►นวนิยาย
บนชั้น
  ขอยืม

BibComment


ยังไม่เคยถูกคอมเมนท์

คอมเมนท์ทรัพยากรรายการนี้
  คอมเมนท์: ฝั่งฝันปลายทางที่..


 Copyright 2026. Bcnsprnw @Library